| 000 | 00573nam a22001697a 4500 | ||
|---|---|---|---|
| 020 | _qHard Cover. | ||
| 082 | _a005 | ||
| 100 | _aMaqbool, Fahad | ||
| 245 |
_aEnergy-Aware Distributed Simulation for Mobile Platforms: _bAn Empirical Study / _cfahad Maqbool. |
||
| 260 |
_aIslamabad: _bSEECS - NUST, _c2018. |
||
| 300 |
_a71 p.: ill.; _c30cm. |
||
| 650 |
_aComputer Science MS-Thesis. _916114 |
||
| 700 | _aDr. Asad W. Malik | ||
| 856 | _uhttp://10.250.8.41:8080/xmlui/handle/123456789/21692 | ||
| 942 |
_2ddc _cTHE |
||
| 999 |
_c530799 _d530799 |
||